| 000 | 00363nam a2200133Ia 4500 | ||
|---|---|---|---|
| 008 | 240719s9999 xx 000 0 und d | ||
| 041 | _aeng | ||
| 082 | _a302.35 DAS | ||
| 100 | _aDash Sunand Sanket | ||
| 245 | _aOrganizational Behavior | ||
| 260 |
_aNew Delhi _bWiley India _c2001 |
||
| 300 | _a433.; P. 29 Cm | ||
| 520 | _aGifted By : IMT Faculty Dr.senthil kumar | ||
| 999 |
_c41226 _d41226 |
||